[Event "Buenos Aires 111 Years qual"]
[Site "Buenos Aires"]
[Date "2016.04.18"]
[Round "2.5"]
[White "Carbone, Jose Maria"]
[Black "Iacobacci, Gabriel"]
[Result "1-0"]
[WhiteElo "1955"]
[BlackElo "1837"]
[PlyCount "111"]
[EventDate "2016.04.14"]
[EventType "swiss"]
[EventRounds "7"]
[EventCountry "ARG"]
[SourceTitle "EXT 2024"]
[Source "ChessBase"]
[SourceDate "2023.10.10"]
[SourceVersion "1"]
[SourceVersionDate "2023.10.10"]
[SourceQuality "1"]

1. d4 Nf6 2. c4 e5 3. dxe5 Ng4 4. Nf3 Bc5 5. e3 Nc6 6. a3 a5 7. Nc3 Ngxe5 8. Nxe5 Nxe5 9. b3 d6 10. Bb2 Bf5 11. Be2 0-0 12. e4 Bd7 13. Qd2 Qh4 14. g3 Qh3 15. 0-0-0 Bxf2 16. Bf1 Qh6 17. Qxh6 gxh6 18. Nd5 Bg4 19. Nf6+ Kg7 20. Nxg4 Bc5 21. Nxe5 dxe5 22. Bxe5+ f6 23. Bxc7 Bxa3+ 24. Kc2 a4 25. Rd7+ Kg6 26. Bh3 Rf7 27. Bf5+ Kg7 28. Rxf7+ Kxf7 29. Rd1 axb3+ 30. Kxb3 Bc5 31. Rd7+ Ke8 32. Rxh7 Ra3+ 33. Kb2 Rf3 34. Bg6+ Kf8 35. Bf4 Rf2+ 36. Kb3 Rxh2 37. Rxb7 Bd4 38. Bd6+ Kg8 39. Rd7 Rb2+ 40. Ka3 Rd2 41. Bf7+ Kh8 42. Bd5 Rd3+ 43. Ka4 Rc3 44. Kb5 Rb3+ 45. Ka4 Rc3 46. Rc7 h5 47. Rc8+ Kh7 48. c5 Be5 49. Bxe5 fxe5 50. c6 Rxg3 51. Rd8 Rc3 52. Rd7+ Kg6 53. Kb4 Rc1 54. c7 Kf6 55. Rd6+ Kg7 56. Rc6 1-0